[Event "SVK-chT1E 1718"]
[Site "Slovakia"]
[Date "2017.11.04"]
[Round "3.7"]
[White "Ihnat, Marek1"]
[Black "Csolto, Tibor"]
[Result "0-1"]
[WhiteElo "1873"]
[BlackElo "2071"]
[PlyCount "119"]
[EventDate "2017.10.21"]
[EventType "team-tourn"]
[EventRounds "11"]
[EventCountry "SVK"]
[SourceTitle "CBM 181 Extra"]
[Source "ChessBase"]
[SourceDate "2017.12.12"]
[SourceVersion "1"]
[SourceVersionDate "2017.12.12"]
[SourceQuality "1"]
[WhiteTeam "Michalovce Zemplin"]
[BlackTeam "Jelsava Magnezit"]
[WhiteTeamCountry "SVK"]
[BlackTeamCountry "SVK"]

1. e4 c5 2. Nf3 Nc6 3. d4 cxd4 4. Nxd4 Nf6 5. Nc3 d6 6. Bg5 e6 7. f4 Qb6 8. Nb3 Bd7 9. Qd2 a5 10. Bxf6 gxf6 11. 0-0-0 a4 12. Nd4 a3 13. b3 Nb4 14. Kb1 Bc6 15. Ndb5 d5 16. exd5 Bxd5 17. Nxd5 Nxd5 18. c4 Bb4 19. Qd3 Qf2 20. Qe2 Qxe2 21. Bxe2 Nxf4 22. Bf3 Rb8 23. Nd6+ Ke7 24. Nb5 b6 25. Kc2 Rbd8 26. g3 Rxd1 27. Rxd1 Ng6 28. Nc3 Ne5 29. Bh1 Ng4 30. Re1 Nxh2 31. Nd5+ Kd6 32. Nxb4 Rg8 33. Rd1+ Kc7 34. Rg1 f5 35. Nd3 h5 36. Nf2 h4 37. g4 fxg4 38. Rg2 g3 39. Nh3 e5 40. Kd3 f5 41. Rd2 e4+ 42. Kd4 Nf3+ 43. Bxf3 exf3 44. Ke3 f2 45. Nxf2 gxf2 46. Rxf2 h3 47. Kf3 b5 48. cxb5 Kb6 49. Rh2 Rh8 50. Kg3 Kxb5 51. Rxh3 Rg8+ 52. Kf3 Rg1 53. Rh2 Rb1 54. Rf2 Rb2 55. Ke3 f4+ 56. Kf3 Kb4 57. Re2 Kc3 58. Rf2 Kd3 59. Rg2 Rxg2 60. Kxg2 0-1

[Event "SVK-chT1E 1718"]
[Site "Slovakia"]
[Date "2017.10.22"]
[Round "2.5"]
[White "Foglar, Ivan"]
[Black "Csolto, Tibor"]
[Result "1/2-1/2"]
[WhiteElo "1991"]
[BlackElo "2071"]
[PlyCount "48"]
[EventDate "2017.10.21"]
[EventType "team-tourn"]
[EventRounds "11"]
[EventCountry "SVK"]
[SourceTitle "CBM 181 Extra"]
[Source "ChessBase"]
[SourceDate "2017.12.12"]
[SourceVersion "1"]
[SourceVersionDate "2017.12.12"]
[SourceQuality "1"]
[WhiteTeam "Margecany OSK"]
[BlackTeam "Jelsava Magnezit"]
[WhiteTeamCountry "SVK"]
[BlackTeamCountry "SVK"]

1. e4 c5 2. a3 g6 3. b4 Bg7 4. c3 d6 5. Bb5+ Bd7 6. Bxd7+ Qxd7 7. Bb2 Nf6 8. Qe2 Qc6 9. f3 c4 10. Nh3 Nbd7 11. Nf2 0-0 12. a4 a6 13. Na3 b5 14. Nc2 Nh5 15. axb5 axb5 16. 0-0 Rxa1 17. Rxa1 Ra8 18. Nd4 Rxa1+ 19. Bxa1 Qa6 20. Qd1 e5 21. Nc2 Nb6 22. g3 Bh6 23. Bb2 Qa2 24. Bc1 Qa6 1/2-1/2

[Event "SVK-chT1E 1617"]
[Site "Slovakia"]
[Date "2017.02.25"]
[Round "8.7"]
[White "Ondo, Tomas"]
[Black "Csolto, Tibor"]
[Result "1-0"]
[WhiteElo "1941"]
[BlackElo "2099"]
[PlyCount "53"]
[EventDate "2016.10.15"]
[EventType "team-tourn"]
[EventRounds "11"]
[EventCountry "SVK"]
[SourceTitle "EXT 2018"]
[Source "ChessBase"]
[SourceDate "2017.10.13"]
[SourceVersion "1"]
[SourceVersionDate "2017.10.13"]
[SourceQuality "1"]
[WhiteTeam "Michalovce Zemplin"]
[BlackTeam "Jelsava Magnezit"]
[WhiteTeamCountry "SVK"]
[BlackTeamCountry "SVK"]

1. e4 c5 2. c4 Nc6 3. g3 Nf6 4. Bg2 e6 5. Nc3 d5 6. exd5 exd5 7. Nxd5 Nxd5 8. cxd5 Nb4 9. d3 Be7 10. Ne2 0-0 11. 0-0 Bg4 12. h3 Bf5 13. g4 Bxd3 14. a3 Nc2 15. Qxd3 Nxa1 16. Bf4 c4 17. Qxc4 Rc8 18. Qd3 Qb6 19. Rxa1 Qxb2 20. Rb1 Qxa3 21. Qxa3 Bxa3 22. Rxb7 a5 23. d6 g5 24. Bg3 Rc2 25. Nd4 Rd2 26. Nf5 Rd8 27. Nh6+ 1-0

[Event "SVK-chT1E 1516"]
[Site "Slovakia"]
[Date "2015.12.12"]
[Round "5.2"]
[White "Haring, Filip"]
[Black "Csolto, Tibor"]
[Result "1/2-1/2"]
[WhiteElo "2091"]
[BlackElo "2111"]
[PlyCount "46"]
[EventDate "2015.10.24"]
[EventType "team-tourn"]
[EventRounds "11"]
[EventCountry "SVK"]
[SourceTitle "CBM 170 Extra"]
[Source "ChessBase"]
[SourceDate "2016.02.25"]
[SourceVersion "1"]
[SourceVersionDate "2016.02.25"]
[SourceQuality "1"]
[WhiteTeam "Banska Bystrica Junior"]
[BlackTeam "Jelsava Magnezit"]
[WhiteTeamCountry "SVK"]
[BlackTeamCountry "SVK"]

1. e4 c5 2. Nf3 Nc6 3. d4 cxd4 4. Nxd4 Nf6 5. Nc3 d6 6. Bg5 Qb6 7. Nb3 e6 8. Bxf6 gxf6 9. Qh5 Bd7 10. Bd3 Ne5 11. 0-0-0 a5 12. f4 Nxd3+ 13. Rxd3 a4 14. Nd4 a3 15. b3 Rc8 16. Rhd1 Rc5 17. f5 Qa5 18. Qh3 h5 19. fxe6 fxe6 20. Nxe6 Kf7 21. Ng5+ Ke8 22. Ne6 Kf7 23. Ng5+ Ke8 1/2-1/2

[Event "SVK-chT1E 1516"]
[Site "Slovakia"]
[Date "2015.10.24"]
[Round "1.6"]
[White "Tropp, Frantisek"]
[Black "Csolto, Tibor"]
[Result "1/2-1/2"]
[WhiteElo "2107"]
[BlackElo "2111"]
[PlyCount "99"]
[EventDate "2015.10.24"]
[EventType "team-tourn"]
[EventRounds "11"]
[EventCountry "SVK"]
[SourceTitle "CBM 169 Extra"]
[Source "ChessBase"]
[SourceDate "2015.12.18"]
[SourceVersion "1"]
[SourceVersionDate "2015.12.18"]
[SourceQuality "1"]
[WhiteTeam "Liptov Chess School II"]
[BlackTeam "Jelsava Magnezit"]
[WhiteTeamCountry "SVK"]
[BlackTeamCountry "SVK"]

1. e4 c5 2. c3 d5 3. exd5 Qxd5 4. d4 Nc6 5. Nf3 Bf5 6. dxc5 Qxd1+ 7. Kxd1 g6 8. Be3 Bg7 9. Nbd2 0-0-0 10. Bc4 e6 11. h3 h5 12. Ke1 Nf6 13. Nb3 Nd5 14. Rd1 Nxe3 15. fxe3 Rxd1+ 16. Kxd1 Rd8+ 17. Ke2 Bh6 18. Nbd4 Na5 19. Nxf5 gxf5 20. Bd3 Rg8 21. Kf2 Nc6 22. Bb5 Ne7 23. Bc4 Nc6 24. Rd1 Bf8 25. b4 Bg7 26. Ng5 Ne5 27. Bb3 Kc7 28. Nxf7 Nxf7 29. Bxe6 Rd8 30. Rxd8 Nxd8 31. Bxf5 Bxc3 32. b5 h4 33. g3 hxg3+ 34. Kxg3 Bb4 35. b6+ axb6 36. cxb6+ Kd6 37. Bc8 Bc5 38. Kf4 Bxb6 39. h4 Ba5 40. h5 b6 41. h6 Nc6 42. Ke4 Bc3 43. Kd3 Bf6 44. Kc4 Na7 45. Bb7 Ke5 46. h7 Kd6 47. a4 Bg7 48. Kb4 Kc7 49. Bf3 Nc6+ 50. Bxc6 1/2-1/2

[Event "SVK-chT1E 1415"]
[Site "Slovakia"]
[Date "2015.03.15"]
[Round "11.5"]
[White "Csolto, Tibor"]
[Black "Holtman, Teodor"]
[Result "1-0"]
[WhiteElo "2154"]
[BlackElo "2077"]
[PlyCount "67"]
[EventDate "2014.10.18"]
[EventType "team-tourn"]
[EventRounds "11"]
[EventCountry "SVK"]
[SourceTitle "EXT 2016"]
[Source "ChessBase"]
[SourceDate "2015.10.08"]
[SourceVersion "1"]
[SourceVersionDate "2015.10.08"]
[SourceQuality "1"]
[WhiteTeam "Jelsava"]
[BlackTeam "Bardejov"]
[WhiteTeamCountry "SVK"]
[BlackTeamCountry "SVK"]

1. e4 c5 2. Nf3 Nc6 3. Bb5 e6 4. Bxc6 bxc6 5. 0-0 Ne7 6. b3 d5 7. d3 Ng6 8. Re1 Bd6 9. e5 Be7 10. Bb2 0-0 11. Nbd2 Qc7 12. Qe2 a5 13. a4 Rb8 14. Qe3 Ba6 15. Ba3 Qb6 16. c4 Bc8 17. Ng5 Nxe5 18. Nxh7 Kxh7 19. Qxe5 Bd7 20. Re3 f6 21. Qh5+ Kg8 22. cxd5 cxd5 23. Rg3 Bd6 24. Rh3 e5 25. Qh7+ Kf7 26. Rg3 Rg8 27. Qg6+ Kf8 28. Rc1 Rc8 29. Re3 Be6 30. d4 Ke7 31. dxe5 fxe5 32. Nf3 d4 33. Ng5 Bd5 34. Rxe5+ 1-0

[Event "SVK-chT1E 1415"]
[Site "Slovakia"]
[Date "2015.01.31"]
[Round "7.4"]
[White "Csolto, Tibor"]
[Black "Hagara, Martin"]
[Result "0-1"]
[WhiteElo "2154"]
[BlackElo "2121"]
[PlyCount "80"]
[EventDate "2014.10.18"]
[EventType "team-tourn"]
[EventRounds "11"]
[EventCountry "SVK"]
[SourceTitle "EXT 2016"]
[Source "ChessBase"]
[SourceDate "2015.10.08"]
[SourceVersion "1"]
[SourceVersionDate "2015.10.08"]
[SourceQuality "1"]
[WhiteTeam "Jelsava"]
[BlackTeam "Kezmarok"]
[WhiteTeamCountry "SVK"]
[BlackTeamCountry "SVK"]

1. e4 e5 2. Nf3 Nc6 3. Bb5 Nge7 4. 0-0 g6 5. d4 exd4 6. Nxd4 Bg7 7. c3 0-0 8. Be3 a6 9. Ba4 b5 10. Bb3 Na5 11. a4 c5 12. Ne2 d6 13. f4 Nxb3 14. Qxb3 Be6 15. Qc2 f5 16. Nd2 Qc7 17. Ng3 Rae8 18. axb5 axb5 19. Ra6 fxe4 20. c4 Nc6 21. Ra3 Nd4 22. Qc1 Bd7 23. Rf2 b4 24. Ra2 Bc6 25. b3 Nf5 26. Nxf5 gxf5 27. Nf1 Rf7 28. Qd1 Rd8 29. Kh1 Bb7 30. Ra7 d5 31. cxd5 Rxd5 32. Qc2 Qb6 33. Ra2 Ba6 34. g3 Bd4 35. Qc1 Rfd7 36. Rac2 Bd3 37. Ra2 Rd8 38. Kg2 Qb5 39. Ra7 Bxf1+ 40. Rxf1 Qe2+ 0-1

[Event "SVK-chT1E 1415"]
[Site "Slovakia"]
[Date "2014.10.19"]
[Round "2.5"]
[White "Rajnak, Daniel"]
[Black "Csolto, Tibor"]
[Result "1/2-1/2"]
[WhiteElo "2170"]
[BlackElo "2154"]
[PlyCount "98"]
[EventDate "2014.10.18"]
[EventType "team-tourn"]
[EventRounds "11"]
[EventCountry "SVK"]
[SourceTitle "EXT 2016"]
[Source "ChessBase"]
[SourceDate "2015.10.08"]
[SourceVersion "1"]
[SourceVersionDate "2015.10.08"]
[SourceQuality "1"]
[WhiteTeam "Humenne"]
[BlackTeam "Jelsava"]
[WhiteTeamCountry "SVK"]
[BlackTeamCountry "SVK"]

1. d4 c5 2. Nf3 e6 3. e3 Nf6 4. Be2 b6 5. 0-0 Be7 6. b3 0-0 7. Bb2 Bb7 8. c4 d6 9. Nc3 Ne4 10. Qc2 Nxc3 11. Bxc3 f5 12. Nd2 Nd7 13. Bf3 Qc7 14. e4 Bf6 15. dxc5 dxc5 16. exf5 exf5 17. Rfe1 Bxc3 18. Qxc3 Rae8 19. Nf1 Bxf3 20. Qxf3 Ne5 21. Qd5+ Kh8 22. Re2 Re7 23. Rae1 Ng6 24. Rxe7 Nxe7 25. Qe6 Ng6 26. f3 Qf7 27. Qc6 Qf6 28. Qxf6 Rxf6 29. Rd1 Kg8 30. Ng3 Nf8 31. Rd8 g6 32. Kf2 Kg7 33. Ne2 Ne6 34. Re8 Nf8 35. Nf4 Rf7 36. Nd5 Nd7 37. Nc3 Rf8 38. Re2 Nb8 39. Nd5 Nc6 40. Nc7 Rf7 41. Nd5 Rd7 42. Re8 Nb4 43. Nxb4 cxb4 44. Ke2 g5 45. Re5 Kf6 46. Rb5 Re7+ 47. Kd2 Rd7+ 48. Ke2 Re7+ 49. Kd2 Rd7+ 1/2-1/2

[Event "SVK-chT2C 1213"]
[Site "Slovakia"]
[Date "2013.02.02"]
[Round "7.2"]
[White "Csolto, Tibor"]
[Black "Pauco, Vladimir1"]
[Result "1/2-1/2"]
[WhiteElo "2109"]
[BlackElo "1823"]
[PlyCount "47"]
[EventDate "2012.10.13"]
[EventType "team-tourn"]
[EventRounds "11"]
[EventCountry "SVK"]
[SourceTitle "EXT 2015"]
[Source "ChessBase"]
[SourceDate "2014.11.20"]
[SourceVersion "1"]
[SourceVersionDate "2014.11.20"]
[SourceQuality "1"]
[WhiteTeam "Jelsava"]
[BlackTeam "Detva Garde"]
[WhiteTeamCountry "SVK"]
[BlackTeamCountry "SVK"]

1. e4 c5 2. Nf3 d6 3. d4 cxd4 4. Nxd4 Nf6 5. Nc3 g6 6. Bc4 Bg7 7. 0-0 0-0 8. Re1 Nc6 9. Bb3 Na5 10. Bg5 Nxb3 11. axb3 a6 12. Qd2 Bd7 13. Rad1 Rc8 14. Bh6 Bxh6 15. Qxh6 b5 16. Rd3 Qb6 17. Nd5 Nxd5 18. exd5 e5 19. dxe6 fxe6 20. Qd2 e5 21. Nf3 Rf6 22. Ng5 Bf5 23. Rc3 Rff8 24. Qe3 1/2-1/2

[Event "SVK-chT2C 1112"]
[Site "Slovakia"]
[Date "2012.01.29"]
[Round "9.2"]
[White "Csolto, Tibor"]
[Black "Kantorik, Marian"]
[Result "1/2-1/2"]
[WhiteElo "2204"]
[BlackElo "2320"]
[PlyCount "69"]
[EventDate "2011.10.08"]
[EventType "team-tourn"]
[EventRounds "11"]
[EventCountry "SVK"]
[SourceTitle "EXT 2013"]
[Source "ChessBase"]
[SourceDate "2012.11.22"]
[SourceVersion "1"]
[SourceVersionDate "2012.11.22"]
[SourceQuality "1"]
[WhiteTeam "Jelsava"]
[BlackTeam "Dunajov II"]
[WhiteTeamCountry "SVK"]
[BlackTeamCountry "SVK"]

1. e4 c6 2. d4 d5 3. e5 Bf5 4. Nc3 e6 5. g4 Bg6 6. Nge2 Nd7 7. Be3 f6 8. exf6 gxf6 9. Qd2 Bd6 10. 0-0-0 Qc7 11. h4 0-0-0 12. h5 Bf7 13. Rh3 Ne7 14. Kb1 Kb8 15. f4 Rhg8 16. Rg3 f5 17. g5 Bxh5 18. Rh3 Bg6 19. Nc1 Nc8 20. Na4 Ncb6 21. Nc5 Rge8 22. b3 Bf8 23. N5d3 c5 24. dxc5 Nxc5 25. Bxc5 Bxc5 26. Nxc5 Qxc5 27. Nd3 Qd6 28. Ne5 Rg8 29. Qd4 Nd7 30. Nxd7+ Rxd7 31. Re1 Re7 32. Re5 Rc8 33. Be2 Qc6 34. c3 a6 35. Rhe3 1/2-1/2

[Event "SVK-chT2C 1112"]
[Site "Slovakia"]
[Date "2012.01.28"]
[Round "8.2"]
[White "Straka, Jozef"]
[Black "Csolto, Tibor"]
[Result "0-1"]
[WhiteElo "1993"]
[BlackElo "2204"]
[PlyCount "64"]
[EventDate "2011.10.08"]
[EventType "team-tourn"]
[EventRounds "11"]
[EventCountry "SVK"]
[SourceTitle "EXT 2013"]
[Source "ChessBase"]
[SourceDate "2012.11.22"]
[SourceVersion "1"]
[SourceVersionDate "2012.11.22"]
[SourceQuality "1"]
[WhiteTeam "Cadca II"]
[BlackTeam "Jelsava"]
[WhiteTeamCountry "SVK"]
[BlackTeamCountry "SVK"]

1. d4 d5 2. c4 e6 3. Nc3 Nf6 4. Bg5 Be7 5. e3 0-0 6. Nf3 c6 7. c5 Nbd7 8. b4 Qc7 9. Bd3 e5 10. dxe5 Nxe5 11. Be2 Nxf3+ 12. gxf3 Qe5 13. Bxf6 Bxf6 14. Qd4 Qxd4 15. exd4 Bxd4 16. Rc1 a5 17. b5 Bxc5 18. bxc6 bxc6 19. Nxd5 Bxf2+ 20. Kxf2 cxd5 21. Rc5 Be6 22. Rb1 g6 23. Rbb5 a4 24. a3 d4 25. Bc4 Bxc4 26. Rxc4 Rfd8 27. Rbb4 d3 28. Rd4 Rac8 29. Rxa4 d2 30. Ke2 d1Q+ 31. Kxd1 Rxd4+ 32. Rxd4 Rc3 0-1

[Event "SVK-chT2C 1112"]
[Site "Slovakia"]
[Date "2012.01.07"]
[Round "7.3"]
[White "Toma, Rudolf"]
[Black "Csolto, Tibor"]
[Result "0-1"]
[WhiteElo "2083"]
[BlackElo "2204"]
[PlyCount "94"]
[EventDate "2011.10.08"]
[EventType "team-tourn"]
[EventRounds "11"]
[EventCountry "SVK"]
[SourceTitle "EXT 2013"]
[Source "ChessBase"]
[SourceDate "2012.11.22"]
[SourceVersion "1"]
[SourceVersionDate "2012.11.22"]
[SourceQuality "1"]
[WhiteTeam "Podpolanie Detva"]
[BlackTeam "Jelsava"]
[WhiteTeamCountry "SVK"]
[BlackTeamCountry "SVK"]

1. d4 d5 2. c4 e5 3. cxd5 Qxd5 4. Nc3 Bb4 5. Qa4+ Nc6 6. Qxb4 Nxb4 7. Nxd5 Nxd5 8. e4 Nb4 9. Kd1 exd4 10. a3 Nc6 11. Bf4 Nf6 12. f3 Be6 13. Bxc7 0-0 14. Bd3 Rac8 15. Bg3 Na5 16. Ne2 Nb3 17. Rb1 Rfd8 18. Bh4 Rd7 19. Nc1 Nh5 20. Nxb3 Bxb3+ 21. Kd2 Nf4 22. Rbc1 Rxc1 23. Rxc1 f6 24. Rc8+ Kf7 25. Bb5 Re7 26. g4 Ng6 27. Bf2 Ne5 28. Ke2 a6 29. Bd3 Rd7 30. h3 g5 31. Rc1 Ke6 32. Bg3 Rd6 33. f4 gxf4 34. Bxf4 Rb6 35. Rc7 Bd1+ 36. Kxd1 Nxd3 37. Bc1 Rc6 38. Rxc6+ bxc6 39. Bh6 Nf2+ 40. Ke2 Nxh3 41. b4 Ke5 42. Bg7 Ng5 43. Kd3 Nxe4 44. Kc4 Nd6+ 45. Kc5 d3 46. Bh6 Ne4+ 47. Kxc6 Ng5 0-1

[Event "SVK-chT2C 1112"]
[Site "Slovakia"]
[Date "2011.12.04"]
[Round "6.3"]
[White "Csolto, Tibor"]
[Black "Kovalik, Julius"]
[Result "1-0"]
[WhiteElo "2204"]
[BlackElo "2018"]
[PlyCount "77"]
[EventDate "2011.10.08"]
[EventType "team-tourn"]
[EventRounds "11"]
[EventCountry "SVK"]
[SourceTitle "EXT 2013"]
[Source "ChessBase"]
[SourceDate "2012.11.22"]
[SourceVersion "1"]
[SourceVersionDate "2012.11.22"]
[SourceQuality "1"]
[WhiteTeam "Jelsava"]
[BlackTeam "Podpolanie Hrinova"]
[WhiteTeamCountry "SVK"]
[BlackTeamCountry "SVK"]

1. e4 Nf6 2. e5 Nd5 3. d4 d6 4. c4 Nb6 5. exd6 cxd6 6. d5 e5 7. Nf3 Be7 8. Be2 0-0 9. 0-0 Bf5 10. b3 N8d7 11. Bb2 Bg6 12. Nc3 Rc8 13. Rc1 Nc5 14. Re1 Nbd7 15. b4 Na6 16. a3 Nab8 17. Qb3 Kh8 18. Na4 f6 19. Nh4 Qe8 20. Qh3 f5 21. Nc3 a6 22. Bd3 Bxh4 23. Qxh4 Qd8 24. Qh3 Qg5 25. Na4 f4 26. Bxg6 Qxg6 27. c5 f3 28. Rc3 b5 29. Nb6 Nxb6 30. cxb6 Rxc3 31. Bxc3 Nd7 32. b7 Qxg2+ 33. Qxg2 fxg2 34. Rc1 Nb6 35. Bxe5 dxe5 36. d6 Kg8 37. Rc7 Rd8 38. d7 Nxd7 39. Rxd7 1-0

[Event "SVK-chT2C 1112"]
[Site "Slovakia"]
[Date "2011.12.04"]
[Round "6.4"]
[White "Sandor, Lukas"]
[Black "Csolto, Tibor"]
[Result "1/2-1/2"]
[WhiteElo "1881"]
[BlackElo "2204"]
[PlyCount "37"]
[EventDate "2011.10.08"]
[EventType "team-tourn"]
[EventRounds "11"]
[EventCountry "SVK"]
[SourceTitle "EXT 2013"]
[Source "ChessBase"]
[SourceDate "2012.11.22"]
[SourceVersion "1"]
[SourceVersionDate "2012.11.22"]
[SourceQuality "1"]
[WhiteTeam "Podpolanie Hrinova"]
[BlackTeam "Jelsava"]
[WhiteTeamCountry "SVK"]
[BlackTeamCountry "SVK"]

1. e4 c5 2. Nf3 d6 3. d4 cxd4 4. Nxd4 Nf6 5. Nc3 Nc6 6. Bg5 e6 7. f4 h6 8. Bxf6 Qxf6 9. Nxc6 bxc6 10. Qf3 e5 11. fxe5 Qxf3 12. gxf3 dxe5 13. Bc4 Bb4 14. Ke2 Ke7 15. Nd1 Bc5 16. Ne3 Bxe3 17. Kxe3 Rd8 18. Rad1 Be6 19. Bxe6 1/2-1/2

[Event "SVK-chT2C 1112"]
[Site "Slovakia"]
[Date "2011.12.03"]
[Round "5.2"]
[White "Csolto, Tibor"]
[Black "Szamos, Alexander"]
[Result "1/2-1/2"]
[WhiteElo "2204"]
[BlackElo "2202"]
[PlyCount "83"]
[EventDate "2011.10.08"]
[EventType "team-tourn"]
[EventRounds "11"]
[EventCountry "SVK"]
[SourceTitle "EXT 2013"]
[Source "ChessBase"]
[SourceDate "2012.11.22"]
[SourceVersion "1"]
[SourceVersionDate "2012.11.22"]
[SourceQuality "1"]
[WhiteTeam "Jelsava"]
[BlackTeam "Filakovo"]
[WhiteTeamCountry "SVK"]
[BlackTeamCountry "SVK"]

1. e4 e5 2. Nf3 Nc6 3. Bb5 a6 4. Ba4 Nf6 5. Qe2 d6 6. c3 b5 7. Bc2 Be7 8. 0-0 0-0 9. Rd1 Bg4 10. d3 Nb8 11. Nbd2 c5 12. Nf1 Nc6 13. h3 Bd7 14. Ng3 Qb8 15. Nh4 g6 16. Nf3 Rc8 17. Ng5 h6 18. Nf3 Bf8 19. Be3 Nd8 20. Nh2 Ne6 21. Ng4 Nxg4 22. Qxg4 Qc7 23. Qf3 Qd8 24. Bb3 c4 25. Bc2 cxd3 26. Rxd3 Nc5 27. Rd2 Be6 28. Qe2 Qh4 29. Kh2 Rc6 30. f3 Rd8 31. Qd1 a5 32. Rc1 Rb8 33. Bb1 a4 34. Rf2 Rd8 35. Rd2 Qf6 36. Qc2 Bc4 37. Rcd1 Rcc8 38. Ne2 Qe6 39. Nc1 Qf6 40. b3 axb3 41. axb3 Be6 42. Qb2 1/2-1/2

[Event "SVK-chT2C 1112"]
[Site "Slovakia"]
[Date "2011.11.06"]
[Round "4.3"]
[White "Csolto, Tibor"]
[Black "Pechac, Jergus"]
[Result "1-0"]
[WhiteElo "2204"]
[BlackElo "1960"]
[PlyCount "75"]
[EventDate "2011.10.08"]
[EventType "team-tourn"]
[EventRounds "11"]
[EventCountry "SVK"]
[SourceTitle "EXT 2013"]
[Source "ChessBase"]
[SourceDate "2012.11.22"]
[SourceVersion "1"]
[SourceVersionDate "2012.11.22"]
[SourceQuality "1"]
[WhiteTeam "Jelsava"]
[BlackTeam "Zilina Mladost II"]
[WhiteTeamCountry "SVK"]
[BlackTeamCountry "SVK"]

1. e4 c5 2. Nf3 Nc6 3. Bb5 Nf6 4. e5 Ng4 5. Bxc6 dxc6 6. h3 Nh6 7. 0-0 g6 8. Re1 Bg7 9. d3 0-0 10. a4 a5 11. Nc3 Be6 12. b3 Bd5 13. Ne4 b6 14. Bb2 Qc7 15. Qe2 Rad8 16. Ng3 f5 17. Rad1 Nf7 18. c4 Bxf3 19. Qxf3 Ng5 20. Qf4 Ne6 21. Qd2 g5 22. Nh5 Bh6 23. h4 f4 24. Qe2 f3 25. gxf3 gxh4 26. Kh1 Kf7 27. Qe4 Ng5 28. Qxh4 Nxf3 29. e6+ Kg6 30. Rg1+ Bg5 31. Qe4+ Rf5 32. Ng3 Rdf8 33. Rg2 h5 34. Nxf5 Rxf5 35. Bc1 h4 36. Rdg1 Kf6 37. Bxg5+ Nxg5 38. Rxg5 1-0

[Event "SVK-chT2C 1112"]
[Site "Slovakia"]
[Date "2011.11.05"]
[Round "3.3"]
[White "Dusik, Tomas"]
[Black "Csolto, Tibor"]
[Result "1-0"]
[WhiteElo "2158"]
[BlackElo "2204"]
[PlyCount "49"]
[EventDate "2011.10.08"]
[EventType "team-tourn"]
[EventRounds "11"]
[EventCountry "SVK"]
[SourceTitle "EXT 2013"]
[Source "ChessBase"]
[SourceDate "2012.11.22"]
[SourceVersion "1"]
[SourceVersionDate "2012.11.22"]
[SourceQuality "1"]
[WhiteTeam "Zilina DMS"]
[BlackTeam "Jelsava"]
[WhiteTeamCountry "SVK"]
[BlackTeamCountry "SVK"]

1. Nf3 Nf6 2. d4 d5 3. c4 e6 4. Nc3 Be7 5. g3 0-0 6. Bg2 b6 7. cxd5 exd5 8. 0-0 Bb7 9. Qa4 Nbd7 10. Ne5 Nb8 11. Bf4 c6 12. Rfd1 Nh5 13. Be3 f6 14. Nd3 f5 15. Ne5 f4 16. Bd2 fxg3 17. hxg3 Bd6 18. Bf3 Qe8 19. Nxd5 Rxf3 20. exf3 b5 21. Nc7 Qe7 22. Qb3+ Kf8 23. Nxa8 Bxa8 24. Re1 Qc7 25. Qe6 1-0

[Event "SVK-chT2C 1112"]
[Site "Slovakia"]
[Date "2011.10.08"]
[Round "1.3"]
[White "Csolto, Tibor"]
[Black "Turkova, Karolina"]
[Result "1-0"]
[WhiteElo "2204"]
[BlackElo "1981"]
[PlyCount "89"]
[EventDate "2011.10.08"]
[EventType "team-tourn"]
[EventRounds "11"]
[EventCountry "SVK"]
[SourceTitle "EXT 2013"]
[Source "ChessBase"]
[SourceDate "2012.11.22"]
[SourceVersion "1"]
[SourceVersionDate "2012.11.22"]
[SourceQuality "1"]
[WhiteTeam "Jelsava"]
[BlackTeam "Liptov Chess School II"]
[WhiteTeamCountry "SVK"]
[BlackTeamCountry "SVK"]

1. e4 e5 2. Nf3 Nc6 3. Bb5 a6 4. Ba4 Nf6 5. Qe2 b5 6. Bb3 Be7 7. c3 d6 8. 0-0 0-0 9. Rd1 Na5 10. Bc2 c5 11. d3 Bd7 12. Nbd2 Qc7 13. Nf1 Rfc8 14. Ng3 c4 15. d4 Nc6 16. d5 Nd8 17. Nh4 g6 18. h3 Nb7 19. f4 Nxd5 20. Nxg6 hxg6 21. exd5 Bh4 22. Qf3 Re8 23. f5 e4 24. Bxe4 Bxg3 25. fxg6 f5 26. Qh5 Bc8 27. Bg5 Be5 28. g7 Rd8 29. Bxd8 Qxd8 30. Rf1 Bxg7 31. Bxf5 Bxf5 32. Rxf5 Qe7 33. Raf1 Nc5 34. Rf7 Qe3+ 35. Kh1 Qg3 36. R1f5 Qe1+ 37. Rf1 Qg3 38. R1f4 Nd3 39. Rf3 Qe1+ 40. Rf1 Qg3 41. R7f3 Qe5 42. Qf7+ Kh8 43. Rf5 Qe3 44. Rh5+ Bh6 45. Qg6 1-0

[Event "SVK-chT2C 10/11"]
[Site "Slovakia"]
[Date "2011.03.26"]
[Round "10.1"]
[White "Csolto, Tibor"]
[Black "Dusik, Tomas"]
[Result "0-1"]
[WhiteElo "2140"]
[BlackElo "2149"]
[PlyCount "76"]
[EventDate "2010.10.23"]
[EventType "team-tourn"]
[EventRounds "11"]
[EventCountry "SVK"]
[SourceTitle "EXT 2019"]
[Source "ChessBase"]
[SourceDate "2018.10.10"]
[SourceVersion "1"]
[SourceVersionDate "2018.10.10"]
[SourceQuality "1"]
[WhiteTeam "Jelsava SK Magnezit"]
[BlackTeam "Zilina DMS"]
[WhiteTeamCountry "SVK"]
[BlackTeamCountry "SVK"]

1. e4 e5 2. Nf3 Nf6 3. Nxe5 d6 4. Nf3 Nxe4 5. d4 d5 6. Bd3 Nc6 7. 0-0 Bg4 8. Re1 Be7 9. c3 f5 10. Nbd2 Qd6 11. Qb3 0-0-0 12. Bb5 Nxd2 13. Nxd2 Rde8 14. Nf1 a6 15. Bxc6 Qxc6 16. Bf4 Bf6 17. Ne3 g5 18. Nxg4 fxg4 19. Be5 Bxe5 20. Rxe5 Rxe5 21. dxe5 Qe6 22. Re1 Rf8 23. Qb4 Rf4 24. Qc5 b6 25. Qa3 Kb7 26. g3 Re4 27. Rxe4 dxe4 28. Qa4 Qxe5 29. Qd1 h5 30. Qe2 Qf5 31. Kf1 Qf3 32. Qd2 Qd3+ 33. Qxd3 exd3 34. Ke1 c5 35. c4 b5 36. b3 bxc4 37. bxc4 Kb6 38. Kd2 Ka5 0-1

[Event "SVK-chT2C 10/11"]
[Site "Slovakia"]
[Date "2011.03.06"]
[Round "9.3"]
[White "Motycakova, Monika"]
[Black "Csolto, Tibor"]
[Result "1/2-1/2"]
[WhiteElo "2072"]
[BlackElo "2140"]
[PlyCount "34"]
[EventDate "2010.10.23"]
[EventType "team-tourn"]
[EventRounds "11"]
[EventCountry "SVK"]
[SourceTitle "EXT 2019"]
[Source "ChessBase"]
[SourceDate "2018.10.10"]
[SourceVersion "1"]
[SourceVersionDate "2018.10.10"]
[SourceQuality "1"]
[WhiteTeam "Liptov Chess School II"]
[BlackTeam "Jelsava SK Magnezit"]
[WhiteTeamCountry "SVK"]
[BlackTeamCountry "SVK"]

1. e4 c5 2. Nf3 Nc6 3. Bb5 g6 4. 0-0 Bg7 5. c3 Qb6 6. Ba4 e6 7. Re1 Nge7 8. d3 0-0 9. Nbd2 d5 10. Bb3 d4 11. e5 dxc3 12. bxc3 Qc7 13. Qe2 Rd8 14. Nf1 b6 15. Bg5 Ba6 16. Rad1 Rd7 17. Qe4 Rad8 1/2-1/2